00699nam a2200229Ia 450000500170000000800410001702000230005804000190008104100120010008200130011224500650012525000590019026000510024930000130030050400360031363000240034963000180037365000180039165100190040970000300042885000110045820231128113228.0131103s9999 xx 000 0 und d a8170338794cRs 450 aLoreto College aEnglish a396bJEJ aLooking Back Looking ForwardcEdited by Shireen J. Jejeebhoy a A profile of sexual and reproductive health in India  aJaipur and New DelhibRawat Publicationsc2004 axvi,240  aIncludes bibliography and index aReproductive Health aWomen Studies aSexual Health aGender Studies aJejeebhoy, Shireen J., ed aLCLIB